Statistics for Largest Cities in South Dakota

Click here to take the quiz!

General Stats

  • This quiz has been taken 8 times
  • The average score is 11 of 15

Answer Stats

PopulationCity% Correct
28,500Aberdeen
100%
14,126Pierre
100%
73,942Rapid City
100%
189,258Sioux Falls
100%
11,506Vermillion
100%
12,031Spearfish
83%
22,577Watertown
83%
23,432Brookings
67%
14,060Huron
67%
15,677Mitchell
67%
7,088Sturgis
67%
15,332Yankton
67%
11,527Box Elder
33%
10,745Brandon
33%
7,875Rapid Valley
17%

Score Distribution

Percentile by Number Answered

Percent of People with Each Score

Your Score History

You have not taken this quiz